| 000 | nam a22 a 4500 | ||
|---|---|---|---|
| 999 |
_c167691 _d167691 |
||
| 003 | BLK | ||
| 005 | 20230321153021.0 | ||
| 008 | 180411b bul|||||r ||||||| ||bul|| | ||
| 010 | _aKNG00175515000 | ||
| 020 | _a978-954-18-0844-3 | ||
| 040 | _aBLK | ||
| 041 |
_aBUL _cBUL |
||
| 072 | 7 |
_2bullib _aН372 _xУчебни предмети. Учебници Н |
|
| 080 |
_aОснови на четенето. Методи на обучение в четенето _b373.3.016:028.1 _x(076) _z373.3.016:028.1(076) |
||
| 100 | 1 |
_aВълкова, Станка Костадинова _eпърви автор _9370371 |
|
| 139 |
_aВълкова-Чурлина, Станка Костадинова _bВ 93 |
||
| 245 | 1 | 0 |
_aПрочети ме! _bКн. за четене с разбиране, І клас _cСтанка Костадинова Вълкова; * Станка Костадинова Вълкова-Чурлина; ил. Златан Панчев Рангелов. |
| 257 | _aBGR | ||
| 260 |
_aСофия _bБулвест 2000 _c2013 |
||
| 300 |
_a60 с. _bс цв. ил. _c26 см |
||
| 380 | _aDN | ||
| 500 | _aВъзприета форма на името на авт. е Станка Костадинова Вълкова-Чурлина. - Библиогр.: с. 60. | ||
| 650 | 4 |
_aЧетене - основи и методи на обучение _9277918 |
|
| 653 | _aчетене с разбиране | ||
| 700 | 1 |
_aВълкова-Чурлина, Станка Костадинова _e* _9368477 |
|
| 700 | 1 |
_aРангелов, Златан Панчев _eил. _9379047 |
|
| 852 | _aЦб ІІ 20515 | ||
| 856 | 4 |
_qpdf _i0.00 _ldisable |
|
| 856 | 4 |
_qpdf _i0.00 _ldisable |
|
| 942 |
_cKNG _n0 _s1 |
||
| 944 |
_aCR _c20.05.2015 _kВиолета_Тройчева |
||